Statistics for South American Countries by Area-In Order

Click here to take the quiz!

General Stats

  • This quiz has been taken 98 times
  • The average score is 12 of 12

Answer Stats

AreaCountry% Correct
2,780,400Argentina
100%
8,515,767Brazil
100%
1,285,216Peru
99%
1,141,748Colombia
98%
1,098,581Bolivia
97%
756,102Chile
97%
916,445Venezuela
97%
163,820Suriname
96%
276,841Ecuador
94%
406,752Paraguay
94%
214,969Guyana
92%
176,215Uruguay
92%

Score Distribution

Percentile by Number Answered

Percent of People with Each Score

Your Score History

You have not taken this quiz